Effect of timing of nitrogen utilzation on lettuce ឥទ្ធិពលនៃពេលវេលាប្រើប្រាស់ជីអាសូតលើដំណាំសាលាដ (Record no. 1256)

000 -LEADER
fixed length control field 00551nam a22001577a 4500
003 - CONTROL NUMBER IDENTIFIER
control field OSt
005 - DATE AND TIME OF LATEST TRANSACTION
control field 20150925145330.0
008 - FIXED-LENGTH DATA ELEMENTS--GENERAL INFORMATION
fixed length control field 150925b xxu||||| |||| 00| 0 eng d
040 ## - CATALOGING SOURCE
Transcribing agency RUA
082 ## - DEWEY DECIMAL CLASSIFICATION NUMBER
Classification number AGR KEP 2011 B049 Or.1
100 ## - MAIN ENTRY--PERSONAL NAME
9 (RLIN) 1332
Personal name KEP, SODAMY.
245 ## - TITLE STATEMENT
Title Effect of timing of nitrogen utilzation on lettuce ឥទ្ធិពលនៃពេលវេលាប្រើប្រាស់ជីអាសូតលើដំណាំសាលាដ
260 ## - PUBLICATION, DISTRIBUTION, ETC. (IMPRINT)
Place of publication, distribution, etc. Phnom Penh
Name of publisher, distributor, etc. RUA
Date of publication, distribution, etc. 2011
300 ## - PHYSICAL DESCRIPTION
Extent xiii, 41p.
Other physical details ill.
Dimensions 29cm.
942 ## - ADDED ENTRY ELEMENTS (KOHA)
Source of classification or shelving scheme
Koha item type AGR
Holdings
Price effective from Date last seen Permanent Location Not for loan Date acquired Source of classification or shelving scheme Koha item type Lost status Withdrawn status Date last checked out Total Checkouts Shelving location Damaged status Barcode Current Location Full call number
2015-09-252020-01-03Library Block B 2015-09-25 AGR  2019-12-252B049 RUA008803Library Block BAGR KEP 2011 B049 Or.1
2015-09-252019-12-30Library Block B 2015-09-25 AGR  2019-12-093B049 RUA006705Library Block BAGR KEP 2011 B049 Or.2
2015-09-252019-08-20Library Block B 2015-09-25 AGR  2019-08-147B049 RUA006057Library Block BAGR KEP 2011 B049 Or.3
2015-09-252023-11-17Library Block B 2015-09-25 AGR  2023-11-104B049 RUA006211Library Block BAGR KEP 2011 B049 Or.4
2015-09-252020-08-07Library Block B 2015-09-25 AGR  2020-08-035B049 RUA008053Library Block BAGR KEP 2011 B049 Or.5
2016-01-262017-01-13Library Block B 2016-01-26 AGR  2016-12-121B049 RUA050910Library Block BAGR KEP 2011 B049 Or.6
មជ្ឈមណ្ឌលឯការនៃសាកលវិទ្យាល័យភូមិន្ទកសិកម្មចំការដូង

Powered by Koha